| 000 | 01243nam a22004097a 4500 | ||
|---|---|---|---|
| 001 | 0007676 | ||
| 003 | KOHA_MİRAKIL | ||
| 005 | 20260207001607.0 | ||
| 007 | ta | ||
| 008 | 090930b1985 tu |||gr||||#||||0|tur | | ||
| 020 | _c0,01 | ||
| 040 |
_aTR-BiSEU _btur _cTR-BiSEU _erda |
||
| 041 | 0 | _atur | |
| 044 | _ctu | ||
| 050 |
_aKKX3482 _b.I24 1985 |
||
| 100 | 1 | _aİçel, Kayıhan. | |
| 245 | 1 |
_aKitle haberleşme hukuku/ _cKayıhan İçel ; Kayıhan İçel. |
|
| 264 | 1 |
_aİstanbul : _bİstanbul Üniversitesi Hukuk Fakkültesi _c1985 |
|
| 300 | _axxiii, 358 sayfa | ||
| 336 |
_ametin _btxt _2rdacontent |
||
| 337 |
_aaracısız _bn _2rdamedia |
||
| 338 |
_acilt _bnc _2rdacarrier |
||
| 490 | 1 |
_aİstanbul Üniversitesi yayınları ; _vno. |
|
| 490 | 1 | _a2383. | |
| 490 | 1 |
_aHukuk Fakültesi yayınları ; _vno. |
|
| 490 | 1 | _a540. | |
| 500 | _aKaynakça var. | ||
| 650 | 0 |
_aMass media--Law. _919065 |
|
| 650 | 0 |
_aKitle iletişim araçları--Hukuk. _919066 |
|
| 650 | 0 |
_aLaw--Turkey. _94193 |
|
| 650 | 0 |
_aHukuk--Türkiye. _94192 |
|
| 830 | 1 |
_aİstanbul Üniversitesi yayınları ; _vno. _91829 |
|
| 830 | 1 |
_a2383. _919067 |
|
| 830 | 1 |
_aHukuk Fakültesi yayınları ; _vno. _912817 |
|
| 830 | 1 |
_a540. _96548 |
|
| 942 |
_2lcc _cBK |
||
| 999 |
_c7653 _d7653 |
||